000 01717nam a2200445 i 4500
001 144523
003 FINmELB
005 20241217181845.0
006 m o d |
007 cr cnu||||||||
008 171027s2014 sp ob 000 0 spa d
020 _a9788436832365
_q(e-book)
035 _a(OCoLC)1145087184
040 _aFINmELB
_bspa
_erda
_cFINmELB
050 4 _aRC552.B84
_bB1541 2014
080 _a616.89-008.441.12-085
082 0 _a616.85263
_223
100 1 _aBaile Ayensa, José Ignacio.
245 1 0 _aTratando... bulimia nerviosa :
_btécnicas y estrategias psicológicas /
_cJosé I. Baile Ayensa, María J. González Calderón.
264 1 _aMadrid :
_bEdiciones Pirámide,
_c2014.
300 _a1 recurso en línea (171 páginas)
336 _atexto
_btxt
_2rdacontent/spa
337 _acomputadora
_bc
_2rdamedia/spa
338 _arecurso en línea
_bcr
_2rdacarrier/spa
490 1 _aPsicología. Sección Recursos terapéuticos
504 _aContiene bibliografía.
588 _aDescripción basada en metadatos suministrados por el editor y otras fuentes.
590 _aRecurso electrónico. Santa Fe, Arg.: elibro, 2020. Disponible vía World Wide Web. El acceso puede estar limitado para las bibliotecas afiliadas a elibro.
650 0 _aBulimia
_xTreatment.
650 0 _aCognitive therapy.
650 4 _aEnfermedad mental.
650 4 _aTerapia.
655 4 _aLibros electrónicos.
700 1 _aGonzález Calderón, María,
_eautor.
797 2 _aelibro, Corp.
830 0 _aPsicología. Sección Recursos terapéuticos.
856 4 0 _uhttps://elibro.net/ereader/politecnicointernacional/114769
999 _c144523
_d144523